| 000 | 00535nam a22001577a 4500 | ||
|---|---|---|---|
| 008 | 160927b xxu||||| |||| 00| 0 eng d | ||
| 020 | _a9718210083 | ||
| 082 |
_22000 _aDFil 899.211 _bV71 |
||
| 100 |
_915338 _aVillafuerte, Patrocinio V. |
||
| 245 |
_aPanunuring pampanitikan (Teorya at pagsasanay)/ _cPatrocinio V. Villafuerte |
||
| 260 |
_aValenzuela City: _bMutya Publishing House, _cc2000. |
||
| 300 |
_a288 pages: _c25 cm. |
||
| 500 | _aIncludes bibliography and index. | ||
| 650 | 0 |
_915339 _aPhilippine literature |
|
| 942 |
_2ddc _cDFIL |
||
| 999 |
_c4867 _d4867 |
||